| 000 | 00318nam a2200109Ia 4500 | ||
|---|---|---|---|
| 008 | 220204s9999 xx 000 0 und d | ||
| 082 |
_a801.3 _bMEH |
||
| 100 | _aMehta, R J | ||
| 245 | 0 | _a1001 useful phrases and expressions: Idiomatic, figurative and colloquial | |
| 260 |
_aBombay _bD B Taraporevala _c1977 |
||
| 942 | _cBK | ||
| 999 |
_c33092 _d33092 |
||